| 000 | 00685nam a22002297a 4500 | ||
|---|---|---|---|
| 005 | 20170124110022.0 | ||
| 010 | _a114981 | ||
| 020 | _c20.00 | ||
| 035 | _a114981 | ||
| 037 | _bCen Lib/Ret | ||
| 040 |
_aDPL _bEN |
||
| 082 |
_a336.26 _bPRE |
||
| 100 |
_aPrem, Daulat Ram _919951 |
||
| 245 |
_aLaw of municipal taxation, octroi and terminal tax, 1957 / _cby Daulat Ram Prem |
||
| 260 |
_aNew Delhi _bArora Law House _c1955 |
||
| 270 |
_aajmerigate extentions _bNew Delhi |
||
| 300 |
_a236p. _c21cm(Hb) |
||
| 500 | _aincludes appendix and index | ||
| 650 |
_aTaxation _919952 |
||
| 650 |
_aMuncipal corporation _919953 |
||
| 942 |
_2ddc _cEN _h336.26 _mPRE |
||
| 999 |
_c127263 _d127263 |
||